| 000 | 00384nam a2200133Ia 4500 | ||
|---|---|---|---|
| 008 | 170516s9999 xx 000 0 und d | ||
| 245 | _aPSMA Ligands for Radionuclide Imaging and Therapy of Prostate Cancer: Clinical Status | ||
| 260 | _bTheranostics | ||
| 260 | _c2015 | ||
| 300 | _a5:12 | ||
| 650 | _xMedical Technology | ||
| 650 | _xMedtech | ||
| 856 | _uhttp://www.thno.org/v5i12 | ||
| 999 |
_c330680 _d330680 |
||